| 000 | 00789nam a22002297a 4500 | ||
|---|---|---|---|
| 999 |
_c19995 _d19995 |
||
| 003 | AR-CdUCM | ||
| 008 | 190327b ||||| |||| 00| 0 spa d | ||
| 040 |
_aMUNICIPALIDAD PROVINCIAL DEL CUSCO _cBIBLIOTECA MUNICIPAL DEL CUSCO |
||
| 082 |
_a372.611 / _bB65 |
||
| 100 |
_aBlumenfeld, Walter _910381 |
||
| 245 | _apsicología del aprendizaje / | ||
| 260 |
_aLima : _bUNMSM, _c1957. |
||
| 300 |
_a198 páginas ; _c26 cm. |
||
| 440 |
_aTextos universitarios _925170 |
||
| 505 | _aContenido : Relaciones entre la pedagogía y la psicología del aprendizaje -- Aprendizaje hábito... | ||
| 650 |
_aPsicología. _91538 |
||
| 650 |
_aPsicología social. _94539 |
||
| 650 |
_aInteracción social. _96882 |
||
| 650 |
_aMetodología de Ebbinghaus _941829 |
||
| 942 |
_2ddc _cLIBROS |
||
| 945 | _arcc | ||